[Event "Cto de Aragon  Equipos Cat Preferente"]
[Site "Aragon"]
[Date "2010.01.30"]
[Round "2.2"]
[White "Naya Sancho Jose Ignacio"]
[Black "Fontana Sotomayour Luis Javier"]
[Result "0-1"]
[WhiteElo "2069"]
[BlackElo "2353"]

1.c4 Nc6 2.Nc3 e5 3.g3 g6 4.Bg2 Bg7 5.d3 d6 6.Nf3 f5 7.O-O h6 8.Rb1 Nf6 9.b4
O-O 10.b5 Ne7 11.c5 Be6 12.cxd6 cxd6 13.Bd2 Qd7 14.a4 Rac8 15.a5 g5 16.Qa4 b6
17.Rfc1 f4 18.Ra1 Nf5 19.axb6 axb6 20.Qa7 Qd8 21.Ra6 Rb8 22.Ne1 d5 23.Ra3 Rf7
24.Qa4 Bf8 25.Raa1 Bc5 26.Nf3 Qd6 27.gxf4 gxf4 28.Nxe5 Rg7 29.Nc6 Nh4 30.Bxf4
Rxg2+ 31.Kf1 Rxf2+ 32.Ke1 Rxf4 33.Qa7 Ng2+ 34.Kd1 Re8 0-1

[Event "Cto de Aragon  Equipos Cat Preferente"]
[Site "Aragon"]
[Date "2010.01.30"]
[Round "2.3"]
[White "Ramiro Ovejero Juan Luis"]
[Black "Roche Simon Miguel Angel"]
[Result "1-0"]
[WhiteElo "2346"]
[BlackElo "2052"]

1.d4 d5 2.c4 e6 3.Nc3 c5 4.cxd5 exd5 5.Nf3 Nc6 6.g3 Nf6 7.Bg2 Be7 8.O-O O-O 9.
Bg5 c4 10.Ne5 Ng4 11.Bxe7 Nxe7 12.b3 Qa5 13.Rc1 Rd8 14.Nxg4 Bxg4 15.bxc4 dxc4
16.Bxb7 Rab8 17.Bg2 Rb6 18.d5 Qb4 19.Qd4 Bc8 20.Rb1 Nf5 21.Rxb4 Nxd4 22.Rxc4
Nf5 23.Rc6 Ba6 24.Rxb6 axb6 25.Rb1 Rb8 26.e4 Nd6 27.e5 Nf5 28.d6 1-0

[Event "Cto de Aragon  Equipos Cat Preferente"]
[Site "Aragon"]
[Date "2010.01.30"]
[Round "2.4"]
[White "Mombiela de Sus Jose Luis"]
[Black "Sig Vargas Pablo"]
[Result "1-0"]
[WhiteElo "1933"]
[BlackElo "1891"]

1.b4 a5 2.b5 d5 3.Bb2 Nf6 4.e3 e6 5.Nf3 c5 6.Be2 Be7 7.O-O O-O 8.c4 Ne4 9.Qc2
Bf6 10.d4 Nd7 11.Bd3 cxd4 12.exd4 Qc7 13.Re1 b6 14.Bxe4 dxe4 15.Rxe4 Bb7 16.
Re3 Rac8 17.Nbd2 Qf4 18.Rc1 g5 19.Ne4 g4 20.Nxf6+ Nxf6 21.g3 Qh6 22.Nh4 Nd5
23.Re5 Nf4 24.gxf4 Qxh4 25.Rg5+ Kh8 26.d5+ f6 27.Re1 Bxd5 28.Qd2 Rxc4 29.Rxe6
Bxe6 30.Qd6 Qh6 31.Qxe6 Rxf4 32.Rd5 Qg6 33.Qd6 Qh6 34.Rh5 Qg7 35.Qxf4 Qe7 36.
Rh6 Kg7 37.Qxg4+ Kf7 38.Rxh7+ 1-0

[Event "Cto de Aragon  Equipos Cat Preferente"]
[Site "Aragon"]
[Date "2010.01.30"]
[Round "2.4"]
[White "Naya Sancho Juan Manuel"]
[Black "Antoli Royo Joaquin Miguel"]
[Result "0-1"]
[WhiteElo "1863"]
[BlackElo "2334"]

1.c4 e5 2.g3 d6 3.Bg2 f5 4.d3 Nf6 5.Nc3 Be7 6.e4 c6 7.Nge2 O-O 8.O-O Qe8 9.Bg5
Qh5 10.Bxf6 Rxf6 11.Nc1 Qf7 12.Bh3 Rh6 13.Bxf5 Bxf5 14.exf5 Qxf5 15.Qe2 Qh3
16.f4 Nd7 17.Qg2 Qh5 18.Nb3 Nf6 19.Rae1 Ng4 20.fxe5 Nxh2 21.e6 Nxf1 22.Rxf1
Rxe6 23.Nd4 Qc5 24.Qf2 Rf6 0-1

[Event "Cto de Aragon  Equipos Cat Preferente"]
[Site "Aragon"]
[Date "2010.01.30"]
[Round "2.6"]
[White "Glavina Rossi Pablo"]
[Black "Jaques Burguete Raul"]
[Result "1-0"]
[WhiteElo "2478"]
[BlackElo "2067"]

1.d4 d5 2.c4 e6 3.Nf3 c6 4.g3 Nf6 5.Bg2 Nbd7 6.Qc2 Bb4+ 7.Bd2 Qa5 8.O-O dxc4
9.Qxc4 Bxd2 10.Nbxd2 O-O 11.e4 e5 12.b4 Qc7 13.d5 a5 14.b5 c5 15.Qc3 Ne8 16.b6
Qxb6 17.Nc4 Qb4 18.Qc2 b5 19.Nfd2 Qa4 20.Qxa4 bxa4 21.f4 exf4 22.gxf4 Ba6 23.
Rab1 Nc7 24.e5 Rab8 25.d6 Ne6 26.Bc6 Rxb1 27.Rxb1 Nb8 28.Nxa5 Nxf4 29.Bxa4
Ne2+ 30.Kf2 Nc3 31.Rxb8 Rxb8 32.Nc6 Ra8 33.Ne7+ Kf8 34.Bc6 Rd8 35.Nb3 c4 36.
Nc5 Bb5 37.a4 Nd1+ 38.Ke1 Ne3 39.axb5 Nc2+ 40.Kd2 Nd4 41.Kc3 Ne2+ 42.Kxc4 Nf4
43.Nd7+ 1-0

[Event "Cto de Aragon  Equipos Cat Preferente"]
[Site "Aragon"]
[Date "2010.01.30"]
[Round "2.7"]
[White "Quintin Navarro Alberto"]
[Black "Lopez Gracia Fernando"]
[Result "0-1"]
[WhiteElo "2047"]
[BlackElo "2303"]

1.Nf3 Nf6 2.c4 g6 3.g3 Bg7 4.Bg2 O-O 5.O-O d6 6.d4 Nc6 7.Nc3 a6 8.h3 Rb8 9.e4
e5 10.dxe5 Nxe5 11.Nxe5 dxe5 12.Bg5 c6 13.c5 Qa5 14.Bxf6 Bxf6 15.Qd6 Be6 16.a3
Rfd8 17.b4 Rxd6 18.bxa5 Rd4 19.Rac1 Be7 20.Kh2 Rbd8 21.f4 exf4 22.gxf4 Bxc5
23.Ne2 Rc4 24.Rxc4 Bxc4 25.Rc1 Bxe2 26.Rxc5 Rd3 27.Rc2 Bd1 28.Rb2 Bb3 29.Kg1
Kf8 30.e5 Ke7 31.Kf2 Kd7 32.Ke2 Rc3 33.Rd2+ Kc7 34.Kf2 Be6 35.a4 Rc4 36.Ke3
Rxa4 37.Rd4 0-1

[Event "Cto de Aragon  Equipos Cat Preferente"]
[Site "Aragon"]
[Date "2010.01.30"]
[Round "2.8"]
[White "Moreno Gracia Daniel"]
[Black "Arregui Untoria Carlos"]
[Result "1-0"]
[WhiteElo "2246"]
[BlackElo "2039"]

1.c4 e6 2.Nf3 d5 3.d4 Nf6 4.e3 c6 5.b3 Nbd7 6.Bd3 Bd6 7.Bb2 O-O 8.Nbd2 Qc7 9.
Rc1 e5 10.cxd5 Nxd5 11.dxe5 Nxe5 12.Nxe5 Bxe5 13.Qh5 f5 14.Bxe5 Qxe5 15.O-O g6
16.Qh4 Be6 17.Nf3 Qg7 18.Ng5 Bf7 19.Bc4 Rad8 20.Rfd1 b5 21.Be2 Ne7 22.Nxh7
Qxh7 23.Qxe7 Bd5 24.Qxh7+ Kxh7 25.Rd4 Rde8 26.Bxb5 cxb5 27.Rxd5 Rc8 28.Rxc8
Rxc8 29.g3 a6 30.Rd6 a5 31.Ra6 b4 32.Rxa5 Rc2 33.a3 bxa3 34.Rxa3 Rb2 35.Ra7+
Kh6 36.Rb7 Kg5 37.Kg2 Kg4 38.b4 1-0

[Event "Cto de Aragon  Equipos Cat Preferente"]
[Site "Aragon"]
[Date "2010.01.30"]
[Round "2.9"]
[White "Llorente Zaro Alfonso"]
[Black "Carruez Berges Fernando"]
[Result "1-0"]
[WhiteElo "2401"]
[BlackElo "2165"]

1.c4 Nf6 2.Nc3 g6 3.g3 Bg7 4.Bg2 O-O 5.e4 e5 6.Nge2 Nc6 7.O-O d6 8.d3 Bg4 9.f3
Be6 10.f4 Qd7 11.Nd5 Nh5 12.f5 gxf5 13.Nec3 1-0

[Event "Cto de Aragon  Equipos Cat Preferente"]
[Site "Aragon"]
[Date "2010.01.30"]
[Round "2.10"]
[White "Carruez Berges Santiago"]
[Black "Remiro Juste Fernando Jose"]
[Result "1-0"]
[WhiteElo "2120"]
[BlackElo "2306"]

1.Nf3 c5 2.g3 Nc6 3.Bg2 g6 4.O-O Bg7 5.d3 d5 6.e4 d4 7.Nbd2 e5 8.a3 Nge7 9.Rb1
a5 10.a4 O-O 11.Nc4 Rb8 12.c3 b6 13.cxd4 cxd4 14.b3 b5 15.axb5 Rxb5 16.Ba3 Nb4
17.Qd2 f5 18.exf5 Rxf5 19.Bxb4 axb4 20.Qa2 Nd5 21.Qa8 Nc3 22.Rbe1 Qc7 23.Nfd2
Rf8 24.Qc6 Qxc6 25.Bxc6 Rc5 26.Bg2 Bf5 27.Ne4 Rc7 28.Ra1 Rb8 29.Rfe1 Bxe4 30.
Bxe4 Rf8 31.Bg2 Rcf7 32.f3 e4 33.fxe4 Rf2 34.e5 Rc2 35.Rf1 Re8 36.e6 Bh6 37.
Ra6 Ne2+ 38.Kh1 Nc1 39.Bc6 Rf8 40.Ra8 Rxa8 41.Bxa8 Bg5 42.h4 Bd8 43.Bd5 Kg7
44.Rf7+ Kh6 45.e7 Bxe7 46.Rxe7 Nxd3 47.Bg8 Kh5 48.Ne5 Nxe5 49.Rxe5+ Kg4 50.Kg1
d3 51.Be6+ Kf3 1-0

[Event "Cto de Aragon  Equipos Cat Preferente"]
[Site "Aragon"]
[Date "2010.01.30"]
[Round "2.11"]
[White "Delgado Salcedo Eduardo"]
[Black "Temprano L"]
[Result "1-0"]
[WhiteElo "2227"]
[BlackElo "2087"]

1.d4 Nf6 2.c4 g6 3.Nc3 d5 4.Nf3 Bg7 5.Qb3 dxc4 6.Qxc4 O-O 7.e4 Nbd7 8.Be2 c6
9.O-O Nb6 10.Qb3 Be6 11.Qc2 Bg4 12.Rd1 Rc8 13.Bg5 h6 14.Bf4 Nh5 15.Be3 Qc7 16.
e5 f5 17.h3 Bxf3 18.Bxf3 e6 19.Qb3 Qf7 20.a4 Nd5 21.Nxd5 exd5 22.Bxh5 gxh5 23.
Bf4 Rce8 24.a5 Re6 25.Qf3 Kh7 26.a6 b6 27.b4 Rg8 28.b5 Bf8 29.bxc6 Rxc6 30.
Rdc1 Rcg6 31.Kh1 Rxg2 32.Qxg2 Rxg2 33.Kxg2 h4 34.Rc6 Qh5 35.Re1 Bb4 36.Re3 Bf8
37.Rc7+ Kg8 38.e6 Qg6+ 1-0

[Event "Cto de Aragon  Equipos Cat Preferente"]
[Site "Aragon"]
[Date "2010.01.30"]
[Round "2.12"]
[White "Larrosa Moles Marcos"]
[Black "Valiente Gimenez Jose Luis"]
[Result "0-1"]
[WhiteElo "1874"]
[BlackElo "2128"]

1.c4 c6 2.Nc3 d5 3.cxd5 cxd5 4.d4 Nc6 5.Bf4 Nf6 6.e3 Bf5 7.Qb3 Qb6 8.Qxb6 axb6
9.Bb5 e6 10.Rc1 Rc8 11.Nf3 Bb4 12.O-O Bxc3 13.bxc3 O-O 14.Bxc6 bxc6 15.Ne5
Rfd8 16.f3 Nd7 17.Rfd1 Nxe5 18.Bxe5 f6 19.Bg3 c5 20.Bf2 Ra8 21.Rd2 c4 22.Rb2
Ra6 23.Bg3 Rd7 24.Bb8 Kf7 25.a3 Ke7 26.Ra1 Rb7 27.Bg3 Kd7 28.Be1 Kc6 29.Bd2
Rba7 30.Bc1 Ra5 31.Raa2 Rb5 32.Rxb5 Kxb5 33.Rb2+ Kc6 34.Rb4 Bc2 35.Kf2 Bb3 36.
g3 g5 37.h3 h5 38.h4 Rg7 39.Bd2 gxh4 40.gxh4 e5 41.dxe5 fxe5 42.f4 exf4 43.
exf4 Rg6 44.Be3 Kc7 45.Kf3 Bc2 46.Rb2 Be4+ 47.Ke2 Rg2+ 48.Bf2 Rh2 49.Kf1 d4
50.cxd4 c3 51.Rb3 c2 52.Rc3+ Kd6 53.Ke1 Rh1+ 54.Kd2 Rd1+ 55.Ke3 Kd5 0-1

[Event "Cto de Aragon  Equipos Cat Preferente"]
[Site "Aragon"]
[Date "2010.01.30"]
[Round "2.13"]
[White "Ferrer Echavarri Francisco Javier"]
[Black "Baron Rodriguez Jesus"]
[Result "0-1"]
[WhiteElo "1972"]
[BlackElo "2436"]

1.e4 e6 2.d4 d5 3.Nd2 c5 4.Ngf3 Nf6 5.exd5 exd5 6.Bb5+ Bd7 7.Bxd7+ Nbxd7 8.
dxc5 Nxc5 9.O-O Be7 10.Nb3 Nce4 11.Be3 O-O 12.Nfd4 Qd7 13.f3 Nd6 14.Qd3 Nc4
15.Rab1 Nxe3 16.Qxe3 a5 17.a4 Rfe8 18.Nb5 Rac8 19.c3 Rc4 20.Ra1 Rxa4 21.Rxa4
Qxb5 22.Rxa5 Qxb3 23.Re1 h6 24.Qf2 b6 0-1

[Event "Cto de Aragon  Equipos Cat Preferente"]
[Site "Aragon"]
[Date "2010.01.30"]
[Round "2.14"]
[White "Forcen Esteban Daniel"]
[Black "Velamazan Gomez Angel"]
[Result "1-0"]
[WhiteElo "2267"]
[BlackElo "1955"]

1.e4 d6 2.Nc3 Nf6 3.d4 g6 4.Be3 Bg7 5.Qd2 c6 6.O-O-O Qa5 7.Kb1 Be6 8.a3 a6 9.
f3 b5 10.g4 h5 11.g5 Nfd7 12.Nxb5 Qxd2 13.Nc7+ Kd8 14.Nxe6+ fxe6 15.Rxd2 e5
16.dxe5 Bxe5 17.Ne2 c5 18.Bg2 Nc6 19.f4 Bg7 20.e5 Kc7 21.Rhd1 Rab8 22.exd6+
exd6 23.Rxd6 Rxb2+ 24.Kc1 Ncb8 25.Rxg6 1-0

[Event "Cto de Aragon  Equipos Cat Preferente"]
[Site "Aragon"]
[Date "2010.01.30"]
[Round "2.15"]
[White "Navarro Sancho Rafael"]
[Black "Antolin Concha Diego"]
[Result "0-1"]
[WhiteElo "2053"]
[BlackElo "1970"]

1.e4 c5 2.Nf3 d6 3.d4 Nf6 4.Nc3 cxd4 5.Nxd4 a6 6.Bg5 e6 7.f4 h6 8.Bxf6 Qxf6 9.
Qd2 g5 10.fxg5 hxg5 11.O-O-O Nc6 12.Nxc6 bxc6 13.Bc4 Qe5 14.Kb1 Rb8 15.Bb3 Ke7
16.g3 Bg7 17.Rhf1 c5 18.Rf2 Bd7 19.Rdf1 Rhf8 20.Re1 c4 21.Rf5 Qd4 22.Qxg5+ Ke8
23.Rd5 exd5 24.exd5+ Be5 0-1

[Event "Cto de Aragon  Equipos Cat Preferente"]
[Site "Aragon"]
[Date "2010.01.30"]
[Round "2.16"]
[White "Glaria Murillo Christian"]
[Black "Nasarre Abizanda Tomas"]
[Result "1-0"]
[WhiteElo "2181"]
[BlackElo "1687"]

1.e4 e5 2.Nf3 Nc6 3.Bb5 d6 4.d4 exd4 5.Nxd4 Bd7 6.Nc3 a6 7.Nxc6 bxc6 8.Bc4 Nf6
9.O-O Be7 10.h3 O-O 11.Qf3 Nxe4 12.Qxe4 d5 13.Nxd5 cxd5 14.Bxd5 Rb8 15.Rb1 Bf6
16.c3 g6 17.g4 Re8 18.Qf3 c6 19.Bxc6 Bxc6 20.Qxc6 Re6 21.Qf3 Be5 22.Be3 Qc7
23.Rfd1 Rf6 24.Qg2 Kh8 25.Rd2 Bxc3 26.Rc2 Rc6 27.Rbc1 1-0

[Event "Cto de Aragon  Equipos Cat Preferente"]
[Site "Aragon"]
[Date "2010.01.30"]
[Round "2.17"]
[White "Sig Vargas Marcos"]
[Black "Malo Guillen Jose Luis"]
[Result "0-1"]
[WhiteElo "2108"]
[BlackElo "2162"]

1.e4 d6 2.Nc3 g6 3.f4 Bg7 4.Nf3 a6 5.a4 c5 6.Bc4 Nc6 7.O-O e6 8.d3 Nge7 9.Qe1
Nd4 10.f5 gxf5 11.Nxd4 cxd4 12.exf5 dxc3 13.f6 Bxf6 14.Rxf6 cxb2 15.Bxb2 Qb6+
16.Qf2 Qxb2 17.Rf1 d5 18.Rxf7 dxc4 19.Qc5 Ng6 20.Qd6 cxd3 21.cxd3 Qa2 22.Qd4
e5 23.Qd6 Qe6 24.Qc7 Rf8 25.R1f6 Rxf7 0-1

[Event "Cto de Aragon  Equipos Cat Preferente"]
[Site "Aragon"]
[Date "2010.01.30"]
[Round "2.18"]
[White "Alonso Blasco Jose Miguel"]
[Black "Escuer Sanchez Nestor"]
[Result "0-1"]
[WhiteElo "2094"]
[BlackElo "2114"]

1.e4 e6 2.d4 d5 3.Nd2 Nf6 4.e5 Nfd7 5.c3 c5 6.Bd3 Nc6 7.Ne2 Qb6 8.Nf3 cxd4 9.
cxd4 f6 10.exf6 Nxf6 11.O-O Bd6 12.b3 O-O 13.Bb2 Bd7 14.Rc1 Be8 15.Ng5 Nb4 16.
Bb1 Bh5 17.a3 Bf4 18.axb4 Bxg5 19.f4 Bh6 20.h3 g5 21.g4 Be8 22.h4 Bb5 23.fxg5
Nxg4 24.Qc2 Rf5 25.Rxf5 Ne3 26.Rf8+ Kxf8 27.Qxh7 Bg7 28.Nf4 Ng4 29.Rc5 Bd7 30.
Ng6+ Kf7 31.Qh5 Kg8 32.Qxg4 Qxb4 33.Ne7+ Kf7 34.Nxd5 Qe1+ 35.Kg2 Qxb1 36.g6+
Qxg6 37.Qxg6+ Kxg6 38.Nf4+ Kf7 39.Rc7 Ke8 40.Kg3 Bf8 41.Rc2 a5 42.Re2 Bd6 43.
Kf3 Kf7 44.Nd3 Bc6+ 45.Kf2 Bd5 46.Ne5+ Ke7 {Tiempo} 0-1

[Event "Cto de Aragon  Equipos Cat Preferente"]
[Site "Aragon"]
[Date "2010.01.30"]
[Round "2.19"]
[White "Andreu Sin Raul"]
[Black "Javierre Conesa Alfonso"]
[Result "0-1"]
[WhiteElo "2053"]
[BlackElo "1970"]

1.c4 e6 2.Nc3 d5 3.d4 Nf6 4.Bg5 Be7 5.e3 c6 6.Nf3 Qa5 7.Qc2 Nbd7 8.Be2 O-O 9.
O-O dxc4 10.Bxc4 e5 11.a3 exd4 12.exd4 Qd8 13.Rfe1 h6 14.Bd2 Nb6 15.Ba2 Nbd5
16.Ne5 Be6 17.Ng6 Re8 18.Ne5 Rc8 19.Ne4 Nxe4 20.Qxe4 Nf6 21.Qd3 Bxa2 22.Rxa2
c5 23.Qb3 Qd5 24.Qxd5 Nxd5 25.Nf3 cxd4 26.Nxd4 Bf6 27.Rxe8+ Rxe8 28.Nf3 Rc8
29.b4 Nc3 30.Bxc3 Rxc3 31.h3 b5 32.a4 bxa4 33.Rxa4 Rc1+ 34.Kh2 Ra1 35.Rxa1
Bxa1 36.Ne1 Bc3 37.Nc2 Kf8 38.Kg3 Ke7 39.Kf4 Kd6 40.Ke4 g6 41.Kd3 Bf6 42.Kc4
Bh4 43.g3 Bd8 44.f3 Bb6 45.Na3 Bf2 46.g4 Ke5 47.Kb5 Kf4 48.Ka6 Kxf3 49.b5 Kg3
50.Nc4 Kxh3 51.Ne5 f5 52.gxf5 gxf5 53.Nc6 f4 54.Nxa7 f3 55.Nc6 Kg2 56.Ne5 Bd4
0-1

[Event "Cto de Aragon  Equipos Cat Preferente"]
[Site "Aragon"]
[Date "2010.01.30"]
[Round "2.21"]
[White "Salamero Pelay Fernando"]
[Black "Guzman Moneo Alberto"]
[Result "1-0"]
[WhiteElo "2131"]
[BlackElo "2215"]

1.e4 d6 2.d4 Nf6 3.Nc3 Nbd7 4.g4 h6 5.g5 hxg5 6.Bxg5 e5 7.Bc4 c6 8.Bb3 Qa5 9.
dxe5 dxe5 10.Qf3 Be7 11.Bd2 Nc5 12.Na4 Qc7 13.Nxc5 Bxc5 14.Qg2 Qe7 15.O-O-O a5
16.a4 Be6 17.Bc3 Bxb3 18.cxb3 Bb4 19.Ne2 Kf8 20.Rhg1 Rh7 21.f3 b5 22.Qg5 Re8
23.axb5 cxb5 24.Ng3 Bxc3 25.Nf5 Bxb2+ 26.Kxb2 Qb4 27.Nxg7 Rxh2+ 28.Rg2 Rxg2+
29.Qxg2 Rc8 30.Nf5 Qc3+ 31.Ka2 Ne8 32.Qd2 Qxd2+ 33.Rxd2 Ng7 34.Nd6 Rd8 35.Rd5
a4 36.b4 Ne6 37.Nxb5 Rxd5 38.exd5 Ng5 1-0

[Event "Cto de Aragon  Equipos Cat Preferente"]
[Site "Aragon"]
[Date "2010.01.30"]
[Round "2.22"]
[White "Navarro Alonso Jorge Luis"]
[Black "Gella Bitrian Diego"]
[Result "1/2-1/2"]
[WhiteElo "2204"]
[BlackElo "1950"]

1.e4 c5 2.Nf3 d6 3.d4 Nf6 4.Nc3 cxd4 5.Nxd4 a6 6.Bc4 e6 7.Bb3 b5 8.Bg5 Nbd7 9.
Qf3 Qb6 10.O-O-O Be7 11.Qg3 O-O 12.f4 Nc5 13.Bd5 exd5 14.Bxf6 Bxf6 15.Nxd5 Qd8
16.Nc6 Nxe4 17.Qf3 Qe8 18.Ncb4 Bf5 19.g4 Bg6 20.f5 Bg5+ 21.Nf4 Bxf4+ 22.Qxf4
Qe5 23.Qf3 Ng5 24.Qf2 Nh3 25.Qf3 Ng5 26.Qf2 Nh3 1/2-1/2

[Event "Cto de Aragon  Equipos Cat Preferente"]
[Site "Aragon"]
[Date "2010.01.30"]
[Round "2.23"]
[White "Biarge Carnicer Arturo"]
[Black "Cerrajeria Ruiz Jesus Maria"]
[Result "0-1"]
[WhiteElo "1899"]
[BlackElo "2100"]

1.e4 e5 2.Bc4 Nf6 3.d3 d5 4.exd5 Nxd5 5.Nf3 Nc6 6.Qe2 Bg4 7.c3 Qd6 8.h3 Bh5 9.
O-O O-O-O 10.Be3 f5 11.Nbd2 Nf6 12.Bg5 h6 13.Bxf6 gxf6 14.Qe3 Bg6 15.Ne1 f4
16.Qf3 f5 17.Bb5 e4 18.Qe2 f3 19.gxf3 Rg8 20.Kh1 exd3 21.Bxd3 f4 22.Bc4 Re8
23.Ne4 Qd7 24.Kh2 Bxe4 25.Bxg8 Bd5 26.Qd3 Bxg8 27.Qxd7+ Kxd7 28.Rd1+ Bd6 29.
Rd2 Bxa2 30.Nd3 Kc8 31.Rg1 Bc4 32.Nc1 Ne5 0-1

[Event "Cto de Aragon  Equipos Cat Preferente"]
[Site "Aragon"]
[Date "2010.01.30"]
[Round "2.24"]
[White "Matamoros Villarreal Antonio"]
[Black "Bellosta Lopez Pablo"]
[Result "1/2-1/2"]
[WhiteElo "1971"]
[BlackElo "1892"]

1.e4 c5 2.Nf3 d6 3.d4 Nf6 4.Nc3 cxd4 5.Nxd4 a6 6.Bc4 e6 7.Bb3 Nbd7 8.Be3 Nc5
9.f3 Be7 10.Qd2 O-O 11.O-O Qc7 12.a3 d5 13.exd5 Nxb3 14.cxb3 Nxd5 15.Nxd5 exd5
16.Rac1 Qd6 17.Rc3 Bd8 18.Rfc1 Be6 19.b4 Re8 20.Ne2 Bd7 21.Bc5 Bb6 22.Bxb6
Qxb6+ 23.Qd4 Qxd4+ 24.Nxd4 Rac8 25.Rxc8 Rxc8 26.Rxc8+ Bxc8 27.Kf2 Kf8 28.Ke3
Ke7 29.Ne2 Kd6 30.Kd4 b6 31.Nc3 Be6 32.Na4 Kc6 33.Nc3 f6 34.f4 g6 35.a4 Kd6
36.a5 bxa5 37.bxa5 Kc6 38.g3 Bf7 39.b4 Be6 40.g4 1/2-1/2

[Event "Cto de Aragon  Equipos Cat Preferente"]
[Site "Aragon"]
[Date "2010.01.30"]
[Round "2.25"]
[White "Martinez Catalin Francisco Javier"]
[Black "Donoso Sanchez Alejandro"]
[Result "1/2-1/2"]
[WhiteElo "2272"]
[BlackElo "2111"]

1.e4 c5 2.Nc3 e6 3.Nf3 a6 4.g3 Nc6 5.d4 cxd4 6.Nxd4 Qc7 7.Bg2 Nf6 8.O-O Be7 9.
Nce2 Nxd4 10.Nxd4 d6 11.b3 Rb8 12.Bb2 Bd7 13.c4 O-O 14.Rc1 Rfc8 15.Qe2 Qa5 16.
Bc3 Qh5 17.Qxh5 Nxh5 18.Rfd1 Nf6 19.Bb4 Kf8 20.Ne2 Bc6 21.Nc3 Rd8 22.Rc2 Ne8
23.Rcd2 Rdc8 24.f4 b5 25.cxb5 Bxb5 26.Nxb5 Rxb5 27.Ba3 Ra5 28.Bb2 Rac5 29.Bf1
a5 30.Kg2 Rc2 31.Bc4 Rxd2+ 32.Rxd2 a4 33.Kf3 Bf6 34.Ba3 Be7 35.Rc2 d5 36.Bxe7+
Kxe7 37.exd5 axb3 38.Bxb3 Rxc2 39.Bxc2 exd5 40.Ke3 h6 41.Kd4 Kd6 42.a4 Nc7 43.
Bf5 Na6 44.Bd3 Nc5 45.Bb5 Ne6+ 46.Kd3 Kc5 47.Be8 f6 48.a5 Nc7 49.Bd7 Na6 50.
Bc8 Nb4+ 51.Kc3 d4+ 52.Kb3 Kb5 53.a6 Nxa6 54.Bxa6+ Kxa6 55.Kc4 Kb6 56.Kxd4 Kc6
57.Ke4 g6 58.h4 Kd6 59.g4 Ke6 60.Kd4 Kd6 61.Ke4 Ke6 62.Kd4 1/2-1/2

[Event "Cto de Aragon  Equipos Cat Preferente"]
[Site "Aragon"]
[Date "2010.01.30"]
[Round "2.26"]
[White "Sanmiguel Mateo Luis"]
[Black "Valles Mata David"]
[Result "0-1"]
[WhiteElo "1968"]
[BlackElo "2150"]

1.e3 d5 2.Nf3 Nf6 3.c4 e6 4.Nc3 c5 5.d4 dxc4 6.Bxc4 a6 7.a4 Nc6 8.O-O cxd4 9.
exd4 Be7 10.d5 exd5 11.Nxd5 Nxd5 12.Bxd5 O-O 13.Bxc6 bxc6 14.Qxd8 Rxd8 15.Be3
Be6 16.Rac1 Bd5 17.Nd4 Rac8 18.Nf5 Bf6 19.b4 Bb3 20.a5 Rd5 21.Rc5 g6 22.Ng3
Be7 23.Rc3 Ba4 24.Ne4 Kg7 25.Nc5 Bb5 26.Re1 Bf6 27.Rcc1 Rcd8 28.g3 Bb2 29.Rc2
Ba3 30.Rb1 Rd1+ 31.Rxd1 Rxd1+ 32.Kg2 Bxb4 33.Nb7 Rd7 34.Nc5 Rd5 35.Nb7 f5 36.
Bb6 Be7 37.Nc5 Kf6 38.h4 h6 39.Rb2 Bxc5 0-1

[Event "Cto de Aragon  Equipos Cat Preferente"]
[Site "Aragon"]
[Date "2010.01.30"]
[Round "2.27"]
[White "Solano Lasierra Javier"]
[Black "Serrano San Nicolas Angel"]
[Result "1/2-1/2"]
[WhiteElo "2142"]
[BlackElo "1865"]

1.d4 Nf6 2.c4 c5 3.d5 d6 4.Nc3 g6 5.e4 Bg7 6.f4 O-O 7.Nf3 Bg4 8.Bd3 Nbd7 9.O-O
a6 10.a4 Ne8 11.h3 Bxf3 12.Qxf3 Bd4+ 13.Be3 Nc7 14.Qf2 e5 15.dxe6 Nxe6 16.Ne2
Bxe3 17.Qxe3 Qf6 18.Rad1 Nd8 19.Rd2 Nc6 20.Bb1 Nb6 21.b3 Rad8 22.Rfd1 Nc8 23.
g4 h6 24.Kg2 Kh7 25.Kg3 Kg7 26.h4 Rfe8 27.g5 Qe7 28.Qc3+ f6 29.gxh6+ Kxh6 30.
Kf2 f5 31.Ng3 fxe4 32.Bxe4 Nd4 33.h5 Qf6 34.Kg2 Rxe4 35.Nxe4 Qxf4 36.Ng3 Re8
37.Rf2 Qe3 38.Qb2 Re5 39.Qd2 Ne7 40.Qxe3+ Rxe3 41.Rf6 Kg5 42.Rxd6 Rxg3+ 43.
Kxg3 Nef5+ 44.Kf2 Nxd6 45.hxg6 Kxg6 46.Ke3 Kf6 47.Kd3 Ke6 48.Re1+ Kd7 49.Kc3
Kc6 50.b4 b6 51.a5 N6f5 52.axb6 cxb4+ 53.Kxb4 Nc2+ 54.Ka5 Nxe1 55.Kxa6 Nd6 56.
Ka5 Nxc4+ 57.Kb4 Nxb6 58.Kc3 Kc5 59.Kd2 Ng2 60.Kd3 Nf4+ 61.Ke4 Ne6 62.Ke5 Kc6
63.Ke4 Nd7 64.Kd3 Nf6 65.Ke3 Kd5 66.Kd3 Ne4 67.Ke3 Nf6 1/2-1/2

[Event "Cto de Aragon  Equipos Cat Preferente"]
[Site "Aragon"]
[Date "2010.01.30"]
[Round "2.28"]
[White "Juni Pardos Marcos"]
[Black "Puertolas Serena Arturo"]
[Result "1/2-1/2"]
[WhiteElo "1820"]
[BlackElo "1989"]

1.e4 c6 2.d4 d5 3.e5 Bf5 4.Bd3 Bxd3 5.Qxd3 e6 6.Nf3 Qa5+ 7.c3 Qa6 8.Qxa6 Nxa6
9.b4 Nc7 10.a3 a5 11.Bb2 Ne7 12.O-O Nc8 13.Nbd2 Nb6 14.Rfb1 Na4 15.Nb3 Nxb2
16.Rxb2 axb4 17.axb4 Rxa1+ 18.Nxa1 Be7 19.Nb3 O-O 20.Kf1 Nb5 21.Rc2 b6 22.Ke2
Ra8 23.Kd3 Ra3 24.Nfd2 f6 25.f4 fxe5 26.fxe5 Ra8 27.Nf3 g5 28.g4 Rf8 29.Nbd2
h6 30.Ra2 c5 31.bxc5 bxc5 32.Ra6 c4+ 33.Kc2 Kf7 34.Rb6 Na3+ 35.Kb2 Ra8 36.Rb7
Ra5 37.h3 Rb5+ 38.Rxb5 Nxb5 39.Nf1 Bd8 40.N3d2 Ba5 41.Nb1 Kg6 42.Ng3 Bb6 43.
Ne2 h5 44.Nd2 h4 45.Nf3 Bd8 46.Nc1 Be7 47.Nd2 Kf7 48.Nf1 Bd8 49.Nd2 Bb6 50.Nf3
Kg6 1/2-1/2

[Event "Cto de Aragon  Equipos Cat Preferente"]
[Site "Aragon"]
[Date "2010.01.30"]
[Round "2.29"]
[White "Hinojar Basa Alfonso"]
[Black "Ruiz Diez Julio Cesar"]
[Result "1/2-1/2"]
[WhiteElo "2223"]
[BlackElo "2296"]

1.e4 c5 2.Nc3 e6 3.g3 Nc6 4.Bg2 g6 5.Nge2 Bg7 6.O-O Nge7 7.d3 O-O 8.Be3 d6 9.
f4 Rb8 10.Qd2 b5 11.e5 dxe5 12.Bxc5 b4 13.Nd1 Rb5 14.Bf2 exf4 15.Qxf4 Bb7 16.
a3 Nd5 17.Qc1 Qc7 18.axb4 Ncxb4 19.Rxa7 Qxc2 20.Qxc2 Nxc2 21.Nec3 Rb3 22.Rxb7
Rxb7 23.Nxd5 exd5 24.Bxd5 Rd7 25.Bc4 Nb4 26.Bc5 Bd4+ 27.Bxd4 Rxd4 28.Rf3 Rfd8
29.Nf2 R8d7 30.Ne4 Kg7 31.Nc5 Rc7 32.Rxf7+ Rxf7 33.Ne6+ Kf6 34.Nxd4 Rd7 35.Nf3
Nxd3 36.b3 Nc1 37.Kf2 Rb7 38.Nd4 Ke5 39.Ke3 Kd6 40.Kf4 h6 41.h4 Rb4 42.Ke4
Nxb3 43.Bxb3 Kc5 44.Ke5 Rxd4 45.Be6 Rd3 46.g4 Rh3 47.Kf6 Kd6 48.Bc8 Rxh4 49.
Kxg6 Ke7 50.Bf5 Rh2 51.Be4 Ke6 52.Bf5+ Ke5 53.Bc8 Rc2 54.Bd7 Rd2 55.Bc8 Rd6+
56.Kh5 Rc6 57.Bf5 Rf6 58.Bc8 Rf8 59.Bf5 Rh8 60.Bd7 1/2-1/2

[Event "Cto de Aragon  Equipos Cat Preferente"]
[Site "Aragon"]
[Date "2010.01.30"]
[Round "2.30"]
[White "Garcia Ramon Ricardo"]
[Black "Jario Garcia Ricardo"]
[Result "1/2-1/2"]
[WhiteElo "2084"]
[BlackElo "2138"]

1.Nf3 Nf6 2.g3 e6 3.c4 d5 4.Bg2 Be7 5.O-O O-O 6.b3 Nbd7 7.Bb2 Rb8 8.d4 c5 9.
Ne5 dxc4 10.Nxc4 b5 11.Ne5 Nxe5 12.dxe5 Nd5 13.Nc3 Nxc3 14.Bxc3 Bb7 15.Qxd8
Bxd8 16.Rfd1 Bb6 17.Rd6 Rfd8 18.Rxd8+ Bxd8 19.Rd1 Bxg2 20.Kxg2 Kf8 21.Kf3 Ke7
22.g4 Rb7 23.Ke4 Rd7 24.Rd6 Bb6 25.f4 g6 26.Rxd7+ Kxd7 27.f5 c4 28.fxg6 fxg6
29.Kf4 cxb3 30.axb3 Kc6 31.Kg5 Be3+ 32.Kf6 Kd5 33.h3 a6 34.Bb4 Bd4 35.Bd6 Be3
36.Bb4 1/2-1/2

[Event "Cto de Aragon  Equipos Cat Preferente"]
[Site "Aragon"]
[Date "2010.01.30"]
[Round "2.31"]
[White "Sancho Cortes Miguel Angel"]
[Black "Castillo Sanjuan Alejandro"]
[Result "1/2-1/2"]
[WhiteElo "2082"]
[BlackElo "1967"]

1.d4 Nf6 2.Nf3 g6 3.Nbd2 Bg7 4.e4 d6 5.Bc4 O-O 6.e5 dxe5 7.dxe5 Nd5 8.O-O Nc6
9.Re1 Na5 10.Bf1 c5 11.c3 b6 12.Nc4 Nxc4 13.Bxc4 Nc7 14.Qe2 Be6 15.Ng5 Bxc4
16.Qxc4 h6 17.Nf3 e6 18.Bf4 Qd5 19.Qe2 Rad8 20.Red1 Qc6 21.c4 Na6 22.Rd2 Qc7
23.Rad1 Nb4 24.b3 Nc6 25.h4 Rxd2 26.Rxd2 Rd8 27.Rxd8+ Qxd8 28.Qe4 Ne7 29.g4
Qd7 30.Kg2 Qc6 31.Qd3 Qc7 32.Qe3 h5 33.gxh5 Nf5 34.Qe4 gxh5 35.Kh3 Qd7 36.Qa8+
Bf8 37.Nd2 Qd3+ 38.Kh2 Nxh4 39.Bh6 Ng6 40.Ne4 Qe2 41.Nf6+ Kh8 42.Bxf8 Qxf2+
43.Kh1 Qf1+ 44.Kh2 Qf2+ 1/2-1/2

[Event "Cto de Aragon  Equipos Cat Preferente"]
[Site "Aragon"]
[Date "2010.01.30"]
[Round "2.32"]
[White "Garcia Monterde Francisco Jose"]
[Black "Ruiperez Gumiel Ramon"]
[Result "1-0"]
[WhiteElo "1946"]
[BlackElo "1878"]

1.c4 b5 2.cxb5 e5 3.d4 e4 4.d5 a6 5.Nc3 f5 6.g4 Bc5 7.e3 d6 8.gxf5 Bxf5 9.bxa6
Nf6 10.Nge2 O-O 11.Ng3 Ng4 12.Nxf5 Nxf2 13.Kxf2 Rxf5+ 14.Ke2 Qh4 15.Qe1 Qg4+
16.Kd2 Qf3 17.Rg1 Nd7 18.Kc2 Raf8 19.Bb5 Ne5 20.Qg3 g6 21.Bd2 Qxg3 22.Rxg3 Rh5
23.Nxe4 Ba7 24.h3 Rb8 25.Nf6+ 1-0

[Event "Cto de Aragon  Equipos Cat Preferente"]
[Site "Aragon"]
[Date "2010.01.30"]
[Round "2.33"]
[White "Veras Sanz Martin Marino"]
[Black "Horton Justin"]
[Result "0-1"]
[WhiteElo "2080"]
[BlackElo "2106"]

1.d4 d5 2.c4 e6 3.cxd5 exd5 4.Nc3 c6 5.Qc2 Nf6 6.Bg5 Na6 7.a3 Nc7 8.e3 Ne6 9.
Bxf6 Qxf6 10.Bd3 Bd6 11.Nf3 Ng5 12.Nd2 Ne6 13.f4 g6 14.Nf3 Ng7 15.O-O Bf5 16.
Ne5 O-O 17.b4 (17.Rae1 Qd8 18.e4 dxe4 19.Nxe4 Be7 20.Qc3) 17...Qe7 18.Rae1 f6
19.Nf3 a5 20.b5 Bxa3 21.e4 dxe4 22.Nxe4 Bb4 23.Ned2 Qd7 24.bxc6 bxc6 25.Rc1
Bxd3 26.Qxd3 Nf5 27.Qc4+ Qd5 28.Ne4 Qxc4 29.Rxc4 Ne3 30.Rxc6 Nxf1 31.Kxf1 a4
32.Nxf6+ Rxf6 33.Rxf6 a3 0-1